000 01511nam a2200373 a 4500
001 ebr10495881
003 CaPaEBR
006 m u
007 cr cn|||||||||
008 111010s2002 ne b sb 001 0 eng d
010 _z 2002066538
020 _z9027230633
020 _z1588112640
020 _z9789027230638
020 _z9789027281876 (e-book)
040 _aCaPaEBR
_cCaPaEBR
035 _a(OCoLC)759160096
050 1 4 _aP325
_b.M43 2002eb
245 0 0 _aMeaning and universal grammar
_h[electronic resource] :
_btheory and empirical findings. Volume I /
_cedited by Cliff Goddard, Anna Wierzbicka.
260 _aAmsterdam :
_bJohn Benjamins Pub. Co.,
_c2002.
300 _axv, 334 p. :
_bmap.
490 1 _aStudies in language companion series (SLCS),
_x0165-7763 ;
_vv. 60
504 _aIncludes bibliographical references and indexes.
505 0 _apt. 1. General -- pt. 2. Individual language studies.
533 _aElectronic reproduction.
_bPalo Alto, Calif. :
_cebrary,
_d2011.
_nAvailable via World Wide Web.
_nAccess may be limited to ebrary affiliated libraries.
650 0 _aSemantics.
650 0 _aGrammar, Comparative and general.
655 7 _aElectronic books.
_2local
700 1 _aGoddard, Cliff.
700 1 _aWierzbicka, Anna.
710 2 _aebrary, Inc.
830 0 _aStudies in language companion series ;
_vv. 60.
856 4 0 _uhttp://site.ebrary.com/lib/rucke/Doc?id=10495881
_zAn electronic book accessible through the World Wide Web; click to view
999 _c130822
_d130822